000 00220nam a22000857a 4500
008 170220b xxu||||| |||| 00| 0 eng d
100 _92910
_aSirohi.M.S.etal.
245 _aGrow with Numbers-5
260 _aNew Delhi
_bAmity
_c2009
999 _c6145
_d6145